| 000 | 00716nam a2200193 a 4500 | ||
|---|---|---|---|
| 001 | 000030284 | ||
| 005 | 20200930060210.0 | ||
| 008 | 110509s194u dr 000 | spa d | ||
| 040 |
_aDO-SdBNP _bspa _cBNPHU |
||
| 082 |
_axxx _bA473p |
||
| 100 | 1 |
_aÁlvarez, Federico C. _913213 |
|
| 245 | 1 | 0 |
_aPolítica internacional planteada por las Naciones Unidas / _cFederico C. Álvarez. |
| 260 |
_aSantiago de los Caballeros : _bImprenta la Información, _c[194-?]. |
||
| 300 |
_a16 p. ; _c20 cm. |
||
| 490 | 1 |
_aRotary Club de Santiago de los Caballeros _v5811 |
|
| 500 | _aCharla de Federico C. Álvarez ex presidente del Rotary Club. | ||
| 830 | 0 |
_aRotary Club de Santiago de los Caballeros; _v5811 _956962 |
|
| 049 | _aBNPD | ||
| 999 |
_c29776 _d29776 |
||